Selected aspects of private equity investing in turnarounds and restructuring in Germany´s mittelstand or smes

Guardado en:
Detalles Bibliográficos
Autor principal: Wittmann, Ernst G.
Formato: Capítulo de libro
Lenguaje:inglés
Etiquetas: Agregar Etiqueta
Sin Etiquetas, Sea el primero en etiquetar este registro!

MARC

LEADER 00000naa$a2200000$$$4500
001 0132481
005 20240502072511.3
041 0 |a eng 
044 |a SK 
245 1 0 |a Selected aspects of private equity investing in turnarounds and restructuring in Germany´s mittelstand or smes  |c Ernst G. Wittmann 
100 1 |a Wittmann, Ernst G.